000 00586nam a2200229Ia 4500
001 7368
003 14933
005 20241225063449.0
008 ||||||n9999 ||| || ||
041 _apor
082 _219
_a352.82
100 _aMonteiro, Yara Darcy Police
_913030
245 0 _aRoteiro para elaboracao das leis organicas municipais
260 _aBrasil :
_bFundacao Prefeito Faria Lima. CEPAM,
_c1989.
300 _a3v
562 _e3
650 0 _aAdministración municipal
_92520
650 0 _aBrasil
_92679
942 _cBKM
999 _c7368
_d7368
526 _a51868
526 _a1697